Report of the Select Committee on the Bill to Provide for the Regulation of Chit Funds and for Matters Connected Therewith (Record no. 489558)

000 -LEADER
fixed length control field 00577cam a22001337a 4500
008 - FIXED-LENGTH DATA ELEMENTS--GENERAL INFORMATION
fixed length control field 180718b1981 xxu||||| |||| 00| 0 eng d
082 ## - DEWEY DECIMAL CLASSIFICATION NUMBER
Classification number OA8103x54 In2b/1981
100 ## - MAIN ENTRY--PERSONAL NAME
Personal name India. Select Committee on the Bill to Provide for the Regulation of Chit Funds and for Matters Connected Therewith
245 ## - TITLE STATEMENT
Title Report of the Select Committee on the Bill to Provide for the Regulation of Chit Funds and for Matters Connected Therewith
260 ## - PUBLICATION, DISTRIBUTION, ETC.
Place of publication, distribution, etc. Delhi
Name of publisher, distributor, etc. The Controller of Publications
Date of publication, distribution, etc. 1981
300 ## - PHYSICAL DESCRIPTION
Extent 47p.
500 ## - GENERAL NOTE
General note Chairman: Era Anbarasu
700 ## - ADDED ENTRY--PERSONAL NAME
Personal name Anbarasu, Era (Chairman)
Holdings
Withdrawn status Lost status Damaged status Not for loan Permanent Location Current Location Date acquired Full call number Barcode Date last seen Price effective from Koha item type
        Indian Institute of Public Administration Indian Institute of Public Administration 2018-08-04 OA8103x54 In2b/1981 GG19266 2018-08-04 2018-08-04 GG

Powered by Koha